Vetter, Georg
| Titel: | Vetter, Georg |
|---|---|
| Verfasser: | |
| In: |
Komponisten und Liederdichter des evangelischen Gesangbuchs, (1999), Seite 333 alle Artikel anzeigen |
| Veröffentlicht: | 1999 |
| Format: | Aufsatz |
| Sprache: | Deutsch |
X
alg: 39157572 001A $01999:11-11-16 001B $01999:15-05-21 $t20:59:52.000 001D $01999:11-11-16 001U $0utf8 001X $00 002@ $0Aox 003@ $0391575724 007A $0391575724 $aHEB 007T $0Herd59050 010@ $ager 011@ $a1999 021A $aVetter, Georg 028A $aBartsch $dMartin 031A $h333 $j1999 039B $aIn $8--AFu--. Handbuch zum Evangelischen Gesangbuch ; 2. Komponisten und Liederdichter des evangelischen Gesangbuchs. - Göttingen : Vandenhoeck und Ruprecht, 1999. - 364 Seiten. - ISBN 3-525-50318-0 $x199900000000000667 $908240903X 045F $a929.094371 $eDDC23BSB 045F/01 $a929 045F/03 $g4371 lok: 39157572 78 exp: 39157572 78 1 #EPN 201B/01 $026-11-17 $t00:44:36.000 201U/01 $0utf8 203@/01 $0787669970 208@/01 $a11-11-16 $be 209A/01 $a/ $f000 $x00 220C/01 $aTitelaufnehmer: nk;mg 244Z/01 $#Tschechien $#Tschechische Republik $#Tschechische Republik $#Tschechenland $#Tschechei Tschechien $#Česká Republika $#Czech Republic $#ČR $74303381-7 $8--Tg1--Tschechien $x01 $9086659812 244Z/01 $2Trx $#Böhmen $#Bohemia $#Czechy $8--Trx--Čechy $x02 $9391188941 244Z/01 $2Trx $#Groß-Seelowitz Brünn $#Seelowitz $8--Trx--Židlochovice$gBrno $x03 $9391346237 244Z/01 $aGeschichte 1536-1599 $x04 244Z/01 $2Trx $8--Trx--Vetter, Georg$Z1536-1599 $x05 $9390985643 244Z/01 $2Trx $#heliloojad $#kompozitoriai $#composers $#zeneszerzök $#kompozytorzy $#skladatelia $#skladatelé $8--Trx--Komponisten $x06 $9391353837 244Z/01 $2Trx $#vaimulikkond, evangeelne $#evangelikų dvasininkai $#Protestant clergy $#papság, evangélikus $#duchowieństwo ewangelickie $#duchovenstvo, evanjelické $#duchovenstvo evangelické $#Pfarrer $#farári $#faráři $8--Trx--Geistliche, evangelische $x07 $9391371878 244Z/01 $2Trx $#Böömi vennad $#čekų broliai $#Bohemien brothers $#cseh testvérek $#bracia czescy $#českí bratia $#čeští bratři $#Mährische Brüder $#Moravští bratři $8--Trx--Böhmische Brüder $x08 $9391376225 244Z/01 $2Trx $8--Trx--Lexikonartikel $x09 $9391384562 245Z/01 $a12.03 $x01 247C/01 $82080>Marburg/Lahn, Herder-Institut, Forschungsbibliothek, Bibliographieportal $9336309341
| LEADER | 00000caa a22000002c 4500 | ||
|---|---|---|---|
| 001 | 391575724 | ||
| 003 | DE-603 | ||
| 005 | 20210515205952.0 | ||
| 007 | tu | ||
| 008 | 161111s1999 xx |||| | u00||u|ger c | ||
| 035 | |a (DE-599)HEB391575724 | ||
| 040 | |a DE-603 |b ger |c DE-603 |d DE-603 | ||
| 041 | |a ger | ||
| 082 | 0 | 4 | |8 1\u |a 929.094371 |q DE-101 |2 23/BSB |
| 085 | |8 1\u |b 929 | ||
| 085 | |8 1\u |z 2 |s 4371 | ||
| 100 | 1 | |a Bartsch, Martin | |
| 245 | 0 | 0 | |a Vetter, Georg |
| 264 | 0 | |c 1999 | |
| 773 | 0 | 8 | |i In |t Komponisten und Liederdichter des evangelischen Gesangbuchs |d Göttingen : Vandenhoeck und Ruprecht, 1999 |h 364 Seiten |z 3525503180 |g (1999), Seite 333 |w (DE-603)08240903X |
| 924 | 0 | |9 2080 |a (DE-603)787669970 |b DE-2080 |c HES |d d |g / | |


